000 00408nam a2200145Ia 4500
008 240624s9999 xx 000 0 und d
041 _aeng
082 _a153.94 WEI
100 _aWEINER GREEN SHARON
245 _aBARRON S HOW TO PREPARE FOR THE GRE GRADUATE RECORD EXAMINI
250 _a(16th ed.)
260 _c2005
_aNew Delhi
_bGalgotia Publications
300 _avi, : 541 : p. : cm. ; 27
365 _cRS
999 _c4518
_d4518